[Event "Villa Ballester op 73rd"]
[Site "Buenos Aires"]
[Date "2024.01.26"]
[Round "7"]
[White "Ostoich, Mariano Ivan"]
[Black "Mayeregger, Guadalupe Milagros"]
[Result "1/2-1/2"]
[WhiteElo "2081"]
[BlackElo "1787"]
[PlyCount "108"]
[EventDate "2024.01.19"]
[EventType "swiss"]
[EventRounds "9"]
[EventCountry "ARG"]
[SourceTitle "CB06_2024"]
[SourceDate "2024.02.07"]
[SourceVersion "1"]
[SourceVersionDate "2024.02.07"]
[SourceQuality "1"]

1. b3 d5 2. Nf3 Nf6 3. Bb2 e6 4. e3 c5 5. Ne5 a6 6. f4 Nc6 7. d3 Be7 8. Be2 Qb6 9. c4 0-0 10. Nd2 Nd7 11. 0-0 Ndxe5 12. fxe5 d4 13. exd4 cxd4 14. Nf3 Qc7 15. Kh1 Bc5 16. Qe1 Nxe5 17. Nxd4 Qd6 18. Nf3 Nxf3 19. Bxf3 Bd4 20. Bc3 Rd8 21. Rd1 Bxc3 22. Qxc3 Qd4 23. Qb4 a5 24. Qe7 f6 25. Rfe1 Ra6 26. Bd5 Rad6 27. Bxe6+ Bxe6 28. Rxe6 R6d7 29. Qa3 Qc3 30. h3 Rxd3 31. Rxd3 Qxd3 32. Re1 b6 33. Qe7 Qd6 34. Qb7 Qb4 35. Qe4 Qd6 36. h4 g6 37. Qe7 Qxe7 38. Rxe7 Rd2 39. Rb7 Rxa2 40. Rxb6 a4 41. b4 Rc2 42. c5 a3 43. Ra6 a2 44. Kh2 Kf7 45. Kg3 Ke7 46. Kf3 Rb2 47. g3 Rxb4 48. Rxa2 Rc4 49. Ra7+ Ke6 50. Rxh7 Rxc5 51. Rg7 Rc3+ 52. Kf4 Rc4+ 53. Kf3 Rc3+ 54. Kf4 Rc4+ 1/2-1/2

[Event "Villa Ballester op 73rd"]
[Site "Buenos Aires"]
[Date "2024.01.25"]
[Round "6"]
[White "Mayeregger, Guadalupe Milagros"]
[Black "Bertaccini, Daniel"]
[Result "1-0"]
[WhiteElo "1787"]
[BlackElo "1980"]
[PlyCount "129"]
[EventDate "2024.01.19"]
[EventType "swiss"]
[EventRounds "9"]
[EventCountry "ARG"]
[SourceTitle "CB06_2024"]
[SourceDate "2024.02.07"]
[SourceVersion "1"]
[SourceVersionDate "2024.02.07"]
[SourceQuality "1"]

1. d4 Nf6 2. Bf4 g6 3. Nc3 d5 4. e3 Bg7 5. Nf3 0-0 6. Be2 c5 7. Ne5 Qb6 8. 0-0 cxd4 9. exd4 Nc6 10. Nxc6 bxc6 11. Na4 Qa5 12. c3 Nd7 13. Be3 Ba6 14. Bxa6 Qxa6 15. f4 e6 16. Re1 Rfe8 17. b3 Qa5 18. Qd3 Rac8 19. Rac1 Qb5 20. Nb2 Qb7 21. b4 a5 22. Rb1 axb4 23. Na4 Qb5 24. Qc2 Ra8 25. Rxb4 Qa5 26. Reb1 Bf8 27. Rb7 Nf6 28. Nb6 Rab8 29. Nc4 Qa8 30. Rxb8 Rxb8 31. Rxb8 Qxb8 32. Ne5 Qb6 33. Qb3 Qxb3 34. axb3 Ne4 35. c4 dxc4 36. bxc4 c5 37. Nd7 cxd4 38. Bxd4 Bd6 39. Be5 Be7 40. g3 f6 41. Bd4 Kf7 42. c5 Ke8 43. c6 Kd8 44. Bb6+ Kc8 45. Ba5 Bc5+ 46. Nxc5 Nxc5 47. Kf2 Ne4+ 48. Ke3 Nd6 49. Kd4 h5 50. Kc5 Ne4+ 51. Kb6 g5 52. c7 g4 53. Be1 Nd6 54. Kc6 Nc4 55. Bc3 e5 56. f5 Ne3 57. Bxe5 fxe5 58. f6 Nf5 59. Kd5 Kxc7 60. Kxe5 Nh6 61. Ke6 Kc6 62. f7 Nxf7 63. Kxf7 Kd5 64. Kg6 h4 65. gxh4 1-0

[Event "Vicente Lopez ProAm 100 Years op"]
[Site "Buenos Aires"]
[Date "2022.10.17"]
[Round "8"]
[White "Koch, Juan Enrique"]
[Black "Mayeregger, Guadalupe Milagros"]
[Result "1-0"]
[WhiteElo "1933"]
[BlackElo "1740"]
[PlyCount "65"]
[EventDate "2022.10.11"]
[EventType "swiss"]
[EventRounds "9"]
[EventCountry "ARG"]
[SourceTitle "CBM 210 Extra"]
[Source "ChessBase"]
[SourceDate "2022.11.30"]
[SourceVersion "1"]
[SourceVersionDate "2022.11.30"]
[SourceQuality "1"]

1. Nf3 Nf6 2. c4 c5 3. Nc3 Nc6 4. e3 g6 5. d4 cxd4 6. exd4 d5 7. cxd5 Nxd5 8. Qb3 Nb6 9. d5 Nb8 10. Bb5+ Bd7 11. 0-0 Bg7 12. d6 0-0 13. Bg5 Be6 14. dxe7 Qc8 15. exf8Q+ Bxf8 16. Qd1 Nc6 17. Bxc6 Qxc6 18. Nd4 Qd7 19. Nxe6 Qxe6 20. Qf3 Rc8 21. Rfe1 Qc4 22. Qe4 Qc5 23. Be7 Bxe7 24. Qxe7 Qf5 25. Qe5 Qc2 26. Ne4 Nd7 27. Nf6+ Nxf6 28. Qxf6 h5 29. h3 Qa4 30. Re7 Rf8 31. b3 Qb5 32. Rd1 Qa5 33. Rdd7 1-0

[Event "Vicente Lopez ProAm 100 Years op"]
[Site "Buenos Aires"]
[Date "2022.10.15"]
[Round "5"]
[White "Mayeregger, Guadalupe Milagros"]
[Black "Mayeregger Gonzalez, Fiorella Allegra"]
[Result "1-0"]
[WhiteElo "1740"]
[BlackElo "1367"]
[PlyCount "161"]
[EventDate "2022.10.11"]
[EventType "swiss"]
[EventRounds "9"]
[EventCountry "ARG"]
[SourceTitle "CBM 210 Extra"]
[Source "ChessBase"]
[SourceDate "2022.11.30"]
[SourceVersion "1"]
[SourceVersionDate "2022.11.30"]
[SourceQuality "1"]

1. d4 d5 2. Bf4 Nf6 3. e3 e6 4. Nf3 Bd6 5. Bd3 0-0 6. Ne5 c5 7. c3 Qc7 8. Nd2 Nc6 9. Ndf3 b6 10. Nxc6 Qxc6 11. Bxd6 Qxd6 12. 0-0 Bb7 13. Qe2 Ne4 14. Rac1 Rac8 15. Rfd1 Qe7 16. b3 Rfe8 17. Bxe4 dxe4 18. Nd2 Qg5 19. Qb5 Bc6 20. Qa6 Ra8 21. b4 cxb4 22. cxb4 Bb5 23. Qb7 Qd5 24. Rc7 Qxb7 25. Rxb7 Bc6 26. Rc7 Rec8 27. Rxc8+ Rxc8 28. Rc1 f5 29. f3 exf3 30. gxf3 Kf7 31. Nc4 Ke7 32. Ne5 Kd6 33. Kf2 Bd7 34. Rxc8 Bxc8 35. e4 Bb7 36. Ke3 g6 37. h4 Ke7 38. a4 a6 39. Kf4 fxe4 40. fxe4 b5 41. a5 Kf6 42. Nd7+ Ke7 43. Nc5 Bc8 44. Ke5 h6 45. d5 exd5 46. exd5 g5 47. hxg5 hxg5 48. d6+ Kd8 49. d7 Bxd7 50. Nxa6 g4 51. Kf4 Bc8 52. Nc5 Kc7 53. Ne4 Kc6 54. Nf6 Kd6 55. Ne8+ Kd5 56. Nc7+ Kc6 57. Na8 Kb7 58. Nb6 Be6 59. Kg3 Bf5 60. Nd5 Bc8 61. Kf4 Be6 62. Ne3 Kc6 63. Nxg4 Kd5 64. Ne5 Kd4 65. Nc6+ Kc4 66. Ke5 Bc8 67. Kd6 Ba6 68. Kc7 Kd5 69. Kb6 Kd6 70. Ne7 Kxe7 71. Kxa6 Kd6 72. Kxb5 Kc7 73. a6 Kb8 74. Kb6 Ka8 75. b5 Kb8 76. a7+ Ka8 77. Kc7 Kxa7 78. b6+ Ka8 79. b7+ Ka7 80. b8Q+ Ka6 81. Qb6# 1-0

[Event "Vicente Lopez ProAm 100 Years op"]
[Site "Buenos Aires"]
[Date "2022.10.11"]
[Round "1"]
[White "Mayeregger, Guadalupe Milagros"]
[Black "Toniutti, Ezio"]
[Result "0-1"]
[WhiteElo "1740"]
[BlackElo "2237"]
[PlyCount "84"]
[EventDate "2022.10.11"]
[EventType "swiss"]
[EventRounds "9"]
[EventCountry "ARG"]
[SourceTitle "CBM 210 Extra"]
[Source "ChessBase"]
[SourceDate "2022.11.30"]
[SourceVersion "1"]
[SourceVersionDate "2022.11.30"]
[SourceQuality "1"]

1. d4 d5 2. Bf4 Nf6 3. e3 e6 4. Nf3 Bd6 5. Bd3 0-0 6. Ne5 c5 7. c3 Qc7 8. Nd2 Nbd7 9. Ndf3 b6 10. 0-0 Bb7 11. Rc1 a5 12. Qa4 Rfd8 13. Bb5 Nf8 14. Ng5 Bxe5 15. Bxe5 Qe7 16. Nf3 Ne4 17. h3 Ng6 18. Bh2 Nd6 19. Bc6 Rac8 20. Bxb7 Qxb7 21. Qa3 Qc6 22. b3 Nb5 23. Qb2 c4 24. a4 Nd6 25. Bxd6 Rxd6 26. b4 Qxa4 27. bxa5 bxa5 28. Ra1 Qb3 29. Qd2 Qb6 30. Rfb1 Qc7 31. Rb5 Ra8 32. Ra4 Rb6 33. Rc5 Rb1+ 34. Ne1 Qb6 35. Kh2 Rb2 36. Qc1 Rxf2 37. Qa3 h5 38. Raxa5 Rxa5 39. Rxa5 Re2 40. Ra8+ Kh7 41. Qc1 Qd6+ 42. Kh1 Qg3 0-1

[Event "World Cup U18 Girls Prel"]
[Site "Tornelo INT"]
[Date "2021.08.01"]
[Round "9"]
[White "Ramallo Aguilar, Ariadne Ricela"]
[Black "Mayeregger, Guadalupe Milagros"]
[Result "0-1"]
[WhiteElo "1311"]
[BlackElo "1731"]
[PlyCount "96"]
[EventDate "2021.08.01"]
[EventType "swiss (rapid)"]
[EventRounds "10"]
[EventCountry "NET"]
[SourceTitle "EXT 2024"]
[Source "ChessBase"]
[SourceDate "2023.10.10"]
[SourceVersion "1"]
[SourceVersionDate "2023.10.10"]
[SourceQuality "1"]

1. e4 c5 2. Nf3 Nc6 3. d4 cxd4 4. Nxd4 g6 5. c4 d6 6. h3 Nf6 7. Nc3 Nxd4 8. Qxd4 Bg7 9. Be3 0-0 10. Qd2 Be6 11. Rc1 Qa5 12. Be2 Rfc8 13. b3 a6 14. 0-0 b5 15. Nd5 Qxd2 16. Nxf6+ Bxf6 17. Bxd2 bxc4 18. Bxc4 Kf8 19. Bh6+ Ke8 20. Bxe6 fxe6 21. f4 Bb2 22. Rxc8+ Rxc8 23. f5 exf5 24. exf5 Kd7 25. fxg6 hxg6 26. Bg5 d5 27. Rf7 Ba3 28. Rg7 Rc6 29. Rg8 d4 30. Ra8 d3 31. Ra7+ Ke6 32. Bd2 Bc5+ 33. Kh2 Bxa7 34. Kg3 Rc2 35. Bf4 d2 36. Bxd2 Rxd2 37. Kf3 Rxa2 38. g4 Rb2 39. Kf4 Rxb3 40. h4 a5 41. Kg5 Rb4 42. h5 gxh5 43. Kxh5 a4 44. g5 Rb5 45. Kh6 Be3 46. Kh7 Rxg5 47. Kh8 Kf7 48. Kh7 Rh5# 0-1

[Event "World Cup U18 Girls Prel"]
[Site "Tornelo INT"]
[Date "2021.08.01"]
[Round "5"]
[White "Van Jaarsveld, Anje"]
[Black "Mayeregger, Guadalupe Milagros"]
[Result "0-1"]
[WhiteElo "1312"]
[BlackElo "1731"]
[PlyCount "80"]
[EventDate "2021.08.01"]
[EventType "swiss (rapid)"]
[EventRounds "10"]
[EventCountry "NET"]
[SourceTitle "EXT 2024"]
[Source "ChessBase"]
[SourceDate "2023.10.10"]
[SourceVersion "1"]
[SourceVersionDate "2023.10.10"]
[SourceQuality "1"]

1. e4 c5 2. Nf3 Nc6 3. Bb5 Qb6 4. Nc3 g6 5. d3 Bg7 6. Nd5 Qd8 7. Bxc6 bxc6 8. Ne3 d5 9. 0-0 e6 10. Re1 Ne7 11. Rb1 0-0 12. b3 a5 13. Ba3 Qb6 14. exd5 cxd5 15. d4 cxd4 16. Bxe7 dxe3 17. Rxe3 Re8 18. Ba3 Bb7 19. Ng5 Rac8 20. Qf3 f6 21. Nh3 d4 22. Re4 f5 23. Ng5 Bxe4 24. Qh3 h6 25. Nxe4 fxe4 26. Rc1 e3 27. fxe3 dxe3 28. Kf1 Qb5+ 29. c4 Qf5+ 30. Qxf5 exf5 31. Ke2 Rcd8 32. Rc2 Bf8 33. Bc1 f4 34. g3 g5 35. gxf4 gxf4 36. Bb2 Bb4 37. c5 Rd2+ 38. Rxd2 exd2+ 39. Kd1 Re1+ 40. Kc2 d1Q# 0-1

[Event "Wch FIDE Online U18 Girls America qual"]
[Site "Tornelo INT"]
[Date "2020.12.03"]
[Round "5"]
[White "Gomez Barrera, Javiera Belen"]
[Black "Mayeregger, Guadalupe Milagros"]
[Result "1-0"]
[WhiteElo "1759"]
[BlackElo "1561"]
[PlyCount "61"]
[EventDate "2020.12.01"]
[EventType "swiss (rapid)"]
[EventRounds "7"]
[EventCountry "ISS"]
[SourceTitle "EXT 2022"]
[Source "ChessBase"]
[SourceDate "2021.10.06"]
[SourceVersion "1"]
[SourceVersionDate "2021.10.06"]
[SourceQuality "1"]

1. e4 c5 2. Nf3 Nc6 3. d4 cxd4 4. Nxd4 g6 5. c4 Nf6 6. Nc3 Bg7 7. Be3 0-0 8. Be2 d6 9. f3 Bd7 10. 0-0 Nxd4 11. Bxd4 a5 12. b3 Bc6 13. Qd2 Nd7 14. Bf2 Nc5 15. Rab1 e6 16. Nb5 Be5 17. Rfd1 Bxe4 18. fxe4 Nxe4 19. Qe3 f5 20. Bf3 d5 21. Bxe4 fxe4 22. Bg3 Bxg3 23. hxg3 Qd7 24. Nc3 Rf5 25. Nxe4 Qc6 26. cxd5 exd5 27. Rbc1 Qe8 28. Rxd5 Kf7 29. Rxf5+ gxf5 30. Nd6+ Kf6 31. Nxe8+ 1-0

[Event "Wch FIDE Online U18 Girls America qual"]
[Site "Tornelo INT"]
[Date "2020.12.03"]
[Round "6"]
[White "Mayeregger, Guadalupe Milagros"]
[Black "Vasquez Jaen, Lourdes Lorena"]
[Result "1-0"]
[WhiteElo "1561"]
[BlackElo "1410"]
[PlyCount "45"]
[EventDate "2020.12.01"]
[EventType "swiss (rapid)"]
[EventRounds "7"]
[EventCountry "ISS"]
[SourceTitle "EXT 2022"]
[Source "ChessBase"]
[SourceDate "2021.10.06"]
[SourceVersion "1"]
[SourceVersionDate "2021.10.06"]
[SourceQuality "1"]

1. d4 d5 2. Bf4 Nf6 3. e3 e6 4. Nf3 c6 5. c4 Bd6 6. Bg3 0-0 7. Nc3 a6 8. Bd3 dxc4 9. Bxc4 b5 10. Bd3 c5 11. Ne4 Bxg3 12. hxg3 h6 13. Nxf6+ Qxf6 14. g4 g5 15. Rc1 cxd4 16. exd4 Bb7 17. Rc5 Bd5 18. b3 Kg7 19. Bb1 Nd7 20. Rc7 Nb6 21. Qd3 Qg6 22. Qxg6+ Kh8 23. Qh7# 1-0

[Event "Wch FIDE Online U18 Girls America qual"]
[Site "Tornelo INT"]
[Date "2020.12.03"]
[Round "4"]
[White "Shariff, Sasha Christina"]
[Black "Mayeregger, Guadalupe Milagros"]
[Result "0-1"]
[WhiteElo "1195"]
[BlackElo "1561"]
[PlyCount "24"]
[EventDate "2020.12.01"]
[EventType "swiss (rapid)"]
[EventRounds "7"]
[EventCountry "ISS"]
[SourceTitle "EXT 2022"]
[Source "ChessBase"]
[SourceDate "2021.10.06"]
[SourceVersion "1"]
[SourceVersionDate "2021.10.06"]
[SourceQuality "1"]

1. e4 c5 2. c4 Nc6 3. d3 g6 4. Nf3 Bg7 5. Be3 Bxb2 6. Nbd2 Qa5 7. Rb1 Bg7 8. Qc2 Nd4 9. Bxd4 cxd4 10. Rb5 Qc7 11. Be2 a6 12. Rb1 b5 0-1

[Event "South America-ch U16 Girls 16th"]
[Site "Buenos Aires"]
[Date "2019.12.06"]
[Round "9.2"]
[White "Mayeregger, Guadalupe Milagros"]
[Black "Sanchez Tobar, Francisca Valentina"]
[Result "0-1"]
[WhiteElo "1586"]
[BlackElo "1786"]
[PlyCount "104"]
[EventDate "2019.12.01"]
[EventType "swiss"]
[EventRounds "9"]
[EventCountry "ARG"]
[SourceTitle "EXT 2024"]
[Source "ChessBase"]
[SourceDate "2023.10.10"]
[SourceVersion "1"]
[SourceVersionDate "2023.10.10"]
[SourceQuality "1"]

1. d4 Nf6 2. Nf3 g6 3. Nbd2 Bg7 4. e4 d6 5. c3 Nbd7 6. Bd3 0-0 7. 0-0 e5 8. dxe5 Nxe5 9. Nxe5 dxe5 10. Bc4 Qe7 11. Qb3 Bh6 12. Re1 Kg7 13. Nf1 Bxc1 14. Raxc1 c6 15. Rcd1 Nh5 16. Qc2 Nf4 17. b4 Be6 18. Bxe6 Qxe6 19. Rd2 Rad8 20. Red1 Qe7 21. a4 Ne6 22. Ne3 Rxd2 23. Rxd2 Rd8 24. Nc4 f6 25. Na5 Rxd2 26. Qxd2 Qd8 27. Qxd8 Nxd8 28. b5 cxb5 29. axb5 Kf7 30. Kf1 Ke6 31. Nc4 Nf7 32. Ke2 Nd6 33. Nxd6 Kxd6 34. Kd3 Kc5 35. c4 a5 36. bxa6 bxa6 37. g3 g5 38. h4 gxh4 39. gxh4 h5 40. Kc3 a5 41. Kb3 a4+ 42. Kxa4 Kxc4 43. Ka5 Kd4 44. Kb5 Kxe4 45. Kc5 Kf3 46. Kd5 Kxf2 47. Ke6 Kg3 48. Kxf6 Kxh4 49. Kxe5 Kg3 50. Ke4 h4 51. Ke3 h3 52. Ke2 h2 0-1

[Event "South America-ch U16 Girls 16th"]
[Site "Buenos Aires"]
[Date "2019.12.05"]
[Round "7.2"]
[White "Acosta, Florencia Luz"]
[Black "Mayeregger, Guadalupe Milagros"]
[Result "1-0"]
[WhiteElo "1736"]
[BlackElo "1586"]
[PlyCount "91"]
[EventDate "2019.12.01"]
[EventType "swiss"]
[EventRounds "9"]
[EventCountry "ARG"]
[SourceTitle "EXT 2024"]
[Source "ChessBase"]
[SourceDate "2023.10.10"]
[SourceVersion "1"]
[SourceVersionDate "2023.10.10"]
[SourceQuality "1"]

1. e4 c5 2. Nf3 d6 3. Bb5+ Bd7 4. a4 g6 5. 0-0 Bg7 6. Re1 a6 7. Bxd7+ Qxd7 8. Nc3 Nc6 9. Nd5 Qd8 10. d3 e6 11. Ne3 Nge7 12. c3 0-0 13. Ng4 f5 14. exf5 exf5 15. Nh6+ Kh8 16. Ng5 Qe8 17. Ne6 Rf6 18. Nc7 Qd8 19. Nxa8 Rf8 20. Qb3 d5 21. Qxb7 Qxa8 22. Qxa8 Rxa8 23. Nf7+ Kg8 24. Ng5 Re8 25. Ne6 Nc8 26. Bd2 c4 27. dxc4 dxc4 28. Nc7 Rf8 29. Nxa6 Ne5 30. Nc5 Rd8 31. Be3 Rd5 32. Bd4 Nd6 33. Bxe5 Bxe5 34. Nd7 Bg7 35. Rad1 Rxd1 36. Rxd1 Nb7 37. Nb6 Nc5 38. a5 Kf7 39. Nxc4 Ke7 40. Nb6 Na6 41. Rd7+ Kf8 42. Ra7 Nc5 43. Nd7+ Nxd7 44. Rxd7 h5 45. Rxg7 Kxg7 46. a6 1-0

[Event "South America-ch U16 Girls 16th"]
[Site "Buenos Aires"]
[Date "2019.12.05"]
[Round "8.3"]
[White "Draguicevich, Carla"]
[Black "Mayeregger, Guadalupe Milagros"]
[Result "0-1"]
[WhiteElo "1580"]
[BlackElo "1586"]
[PlyCount "71"]
[EventDate "2019.12.01"]
[EventType "swiss"]
[EventRounds "9"]
[EventCountry "ARG"]
[SourceTitle "EXT 2024"]
[Source "ChessBase"]
[SourceDate "2023.10.10"]
[SourceVersion "1"]
[SourceVersionDate "2023.10.10"]
[SourceQuality "1"]

1. e4 c5 2. Nf3 Nc6 3. d4 cxd4 4. Nxd4 d6 5. Nc3 Nf6 6. f3 g6 7. Be3 Bg7 8. Qd2 0-0 9. Bc4 Bd7 10. Bb3 Rc8 11. 0-0-0 a5 12. Qf2 Ne5 13. g4 Rxc3 14. bxc3 a4 15. Bd5 Nxd5 16. exd5 Qa5 17. Kd2 Qxd5 18. Ra1 Nc4+ 19. Ke1 e5 20. Ne2 Bxg4 21. Rf1 Bf5 22. Ng3 e4 23. Rd1 Bxc3+ 24. Ke2 exf3+ 25. Qxf3 Qxf3+ 26. Kxf3 Bg4+ 27. Kxg4 Nxe3+ 28. Kf3 Nxf1 29. Nxf1 Be5 30. Rb1 Rc8 31. Rb4 Rc3+ 32. Kg4 Kg7 33. Kh4 Ra3 34. Rxb7 Rxa2 35. Ra7 a3 36. Ne3 0-1

[Event "ARG-ch U16 Girls"]
[Site "Buenos Aires"]
[Date "2019.03.04"]
[Round "7.5"]
[White "Marquez, Ivette Fiorela"]
[Black "Mayeregger, Guadalupe Milagros"]
[Result "0-1"]
[WhiteElo "1172"]
[BlackElo "1665"]
[PlyCount "60"]
[EventDate "2019.03.01"]
[EventType "swiss"]
[EventRounds "9"]
[EventCountry "ARG"]
[SourceTitle "EXT 2024"]
[Source "ChessBase"]
[SourceDate "2023.10.10"]
[SourceVersion "1"]
[SourceVersionDate "2023.10.10"]
[SourceQuality "1"]

1. d4 Nf6 2. c4 g6 3. Nc3 Bg7 4. e4 d6 5. Be2 0-0 6. Nf3 Bg4 7. 0-0 Nfd7 8. Ne1 Bxe2 9. Nxe2 e5 10. d5 a5 11. Be3 Na6 12. Nd3 f5 13. f3 f4 14. Bf2 h5 15. a3 g5 16. b4 g4 17. fxg4 hxg4 18. c5 Nf6 19. Nc3 Qe8 20. Bh4 Qg6 21. Bxf6 Rxf6 22. cxd6 cxd6 23. Ne1 Rc8 24. Qb3 f3 25. g3 Bh6 26. Rd1 Be3+ 27. Kh1 Qh6 28. Qb2 Qh3 29. Nxf3 Rxf3 30. Rxf3 gxf3 0-1

[Event "ARG-ch U16 Girls"]
[Site "Buenos Aires"]
[Date "2019.03.01"]
[Round "2.4"]
[White "Palomares, Lujan"]
[Black "Mayeregger, Guadalupe Milagros"]
[Result "0-1"]
[WhiteElo "1365"]
[BlackElo "1665"]
[PlyCount "64"]
[EventDate "2019.03.01"]
[EventType "swiss"]
[EventRounds "9"]
[EventCountry "ARG"]
[SourceTitle "EXT 2024"]
[Source "ChessBase"]
[SourceDate "2023.10.10"]
[SourceVersion "1"]
[SourceVersionDate "2023.10.10"]
[SourceQuality "1"]

1. e4 c5 2. Nf3 d6 3. d4 cxd4 4. Nxd4 Nf6 5. Nc3 g6 6. Be2 Bg7 7. 0-0 0-0 8. Be3 Nc6 9. Nf3 Bd7 10. Qd2 Ng4 11. Bf4 Rc8 12. h3 Nge5 13. Nxe5 Nxe5 14. Bh6 Nc4 15. Bxc4 Rxc4 16. Bxg7 Kxg7 17. Rfe1 Qa5 18. Rad1 Rfc8 19. Re3 Qb4 20. Rb1 b5 21. a3 Qc5 22. b4 Qc6 23. Rb3 Be6 24. Qd3 a6 25. Kh1 Qc7 26. f4 Rc6 27. Qd4+ Kg8 28. Nd5 Bxd5 29. Qxd5 Rxc2 30. f5 Qc4 31. fxg6 Qf1+ 32. Kh2 Qxg2# 0-1

[Event "ARG-ch U16 Girls"]
[Site "Villa Martelli"]
[Date "2018.02.10"]
[Round "3.3"]
[White "Mayeregger, Guadalupe Milagros"]
[Black "Draguicevich, Carla"]
[Result "1-0"]
[WhiteElo "1621"]
[BlackElo "1561"]
[PlyCount "111"]
[EventDate "2018.02.09"]
[EventType "swiss"]
[EventRounds "9"]
[EventCountry "ARG"]
[SourceTitle "EXT 2024"]
[Source "ChessBase"]
[SourceDate "2023.10.10"]
[SourceVersion "1"]
[SourceVersionDate "2023.10.10"]
[SourceQuality "1"]

1. d4 Nf6 2. Nf3 b6 3. e3 e6 4. Bd3 Bb7 5. 0-0 d6 6. c4 Nbd7 7. b3 e5 8. Be2 e4 9. Nfd2 d5 10. Nc3 Bb4 11. Bb2 Bxc3 12. Bxc3 0-0 13. Qc2 Re8 14. cxd5 Bxd5 15. Rac1 c6 16. Bc4 Rc8 17. Bxd5 cxd5 18. b4 Qc7 19. Qb3 Qd6 20. h3 Nh5 21. Qa4 Rb8 22. Bb2 b5 23. Qa5 Rb7 24. Nb3 a6 25. Nc5 Nxc5 26. dxc5 Qc6 27. Qa3 Rc7 28. Rfd1 Qe6 29. Qc3 Rc6 30. Qd4 Nf6 31. Qd2 Rd8 32. Qc2 Nd7 33. Qb3 Ne5 34. Bxe5 Qxe5 35. Rd2 d4 36. exd4 Qg5 37. Rcd1 g6 38. d5 h5 39. Qe3 Qxe3 40. fxe3 Rcc8 41. d6 Kf8 42. Kf2 f5 43. Kg3 Kf7 44. Kh4 Kf6 45. d7 g5+ 46. Kg3 h4+ 47. Kf2 Rc7 48. Rd6+ Ke7 49. c6 g4 50. Rh6 gxh3 51. gxh3 Rf8 52. Rdd6 Ra7 53. Rde6+ Kd8 54. Rhf6 Rxf6 55. Rxf6 Ke7 56. Rf8 1-0

[Event "ARG-ch U16 Girls"]
[Site "Villa Martelli"]
[Date "2018.02.09"]
[Round "2.1"]
[White "Bank, Valeria"]
[Black "Mayeregger, Guadalupe Milagros"]
[Result "1-0"]
[WhiteElo "1768"]
[BlackElo "1621"]
[PlyCount "91"]
[EventDate "2018.02.09"]
[EventType "swiss"]
[EventRounds "9"]
[EventCountry "ARG"]
[SourceTitle "EXT 2024"]
[Source "ChessBase"]
[SourceDate "2023.10.10"]
[SourceVersion "1"]
[SourceVersionDate "2023.10.10"]
[SourceQuality "1"]

1. e4 c5 2. Nf3 d6 3. d4 cxd4 4. Nxd4 Nf6 5. Nc3 g6 6. Be3 Bg7 7. f3 0-0 8. Qd2 Nc6 9. Bc4 Bd7 10. 0-0-0 Qb8 11. h4 Rc8 12. Bb3 a5 13. a4 Nxd4 14. Bxd4 b5 15. Nd5 e5 16. Bxe5 dxe5 17. Nxf6+ Bxf6 18. Qxd7 Ra7 19. Qd6 Qxd6 20. Rxd6 Be7 21. Rd5 Rc5 22. axb5 a4 23. Rxc5 Bxc5 24. Bc4 a3 25. bxa3 Rxa3 26. Kd2 Be3+ 27. Ke2 Bd4 28. Rb1 Rc3 29. Bd3 Rc7 30. c3 Bb6 31. Kd2 Ba5 32. Rb3 Bb6 33. Ra3 Ra7 34. Rxa7 Bxa7 35. Kc2 Kf8 36. Kb3 Ke7 37. Kb4 Kd6 38. Bc4 f6 39. Ka5 Kc5 40. Ka6 Bb6 41. Bd5 h6 42. c4 Bd8 43. g4 g5 44. h5 Bc7 45. Kb7 Bb6 46. Kc8 1-0

[Event "Wch U14 Girls"]
[Site "Montevideo"]
[Date "2017.09.20"]
[Round "5"]
[White "Mayeregger, Guadalupe Milagros"]
[Black "Lehaci, Miruna Daria"]
[Result "0-1"]
[WhiteElo "1585"]
[BlackElo "1914"]
[PlyCount "100"]
[EventDate "2017.09.17"]
[EventType "swiss"]
[EventRounds "11"]
[EventCountry "URU"]
[SourceTitle "CBM 180 Extra"]
[Source "ChessBase"]
[SourceDate "2017.10.06"]
[SourceVersion "1"]
[SourceVersionDate "2017.10.06"]
[SourceQuality "1"]

1. d4 e6 2. Nf3 Nf6 3. e3 b6 4. b3 Bb7 5. Bb2 c5 6. Bd3 Be7 7. 0-0 0-0 8. Nbd2 d6 9. Ng5 h6 10. Nge4 Nbd7 11. f4 Nd5 12. Qf3 cxd4 13. exd4 Nb4 14. f5 exf5 15. Qxf5 Nxd3 16. cxd3 d5 17. Ng3 Bg5 18. Ba3 Be7 19. Bb2 Nf6 20. Nf3 Bd6 21. Ne5 b5 22. Nh5 Nxh5 23. Qxh5 Qg5 24. Qf3 f6 25. Nd7 Rf7 26. Nc5 Bxc5 27. dxc5 Rc8 28. Rac1 Bc6 29. Qf4 Qxf4 30. Rxf4 Re7 31. Kf2 Rce8 32. Kf1 Re3 33. d4 a5 34. Rf2 b4 35. Rf3 Bb5+ 36. Kg1 Re1+ 37. Kf2 R1e2+ 38. Kg3 Rxb2 39. c6 Rc8 40. c7 Re2 41. Rc5 Be8 42. Rxd5 Rxc7 43. Rxa5 Rcc2 44. d5 Rxg2+ 45. Kf4 Rcd2 46. Ra8 Kf7 47. Ra7+ Kg6 48. Re7 Bf7 49. Rg3+ Rxg3 50. hxg3 Rxd5 0-1

[Event "Wch U14 Girls"]
[Site "Montevideo"]
[Date "2017.09.17"]
[Round "1"]
[White "Demchenko, Svitlana"]
[Black "Mayeregger, Guadalupe Milagros"]
[Result "1-0"]
[WhiteElo "1985"]
[BlackElo "1585"]
[PlyCount "77"]
[EventDate "2017.09.17"]
[EventType "swiss"]
[EventRounds "11"]
[EventCountry "URU"]
[SourceTitle "CBM 180 Extra"]
[Source "ChessBase"]
[SourceDate "2017.10.06"]
[SourceVersion "1"]
[SourceVersionDate "2017.10.06"]
[SourceQuality "1"]

1. e4 c5 2. Nf3 d6 3. d4 cxd4 4. Nxd4 Nf6 5. Nc3 g6 6. f3 Bg7 7. Be3 0-0 8. Qd2 Nc6 9. g4 Nxd4 10. Bxd4 Be6 11. 0-0-0 Qc7 12. h4 Rfc8 13. h5 Qa5 14. hxg6 hxg6 15. a3 b5 16. Bxb5 Rxc3 17. Bxc3 Qxb5 18. Rde1 Rc8 19. g5 Rxc3 20. gxf6 Bxf6 21. bxc3 Ba2 22. Qe3 Qa5 23. Kb2 Bc4 24. f4 Qb5+ 25. Kc1 Qa5 26. e5 Qxa3+ 27. Kd2 dxe5 28. fxe5 Bg7 29. Qd4 e6 30. Qxc4 Qf8 31. Qb4 Qd8+ 32. Qd6 Qg5+ 33. Kd1 Bh6 34. Rxh6 Qxh6 35. Qd8+ Kh7 36. Qa8 Qh5+ 37. Kc1 Qg5+ 38. Kb2 Kg7 39. Rh1 1-0